[Event "SPICE Cup op"]
[Site "Clayton USA"]
[Date "2021.10.21"]
[Round "8.10"]
[White "Amburgy, Ryan"]
[Black "Atanasov, Anthony"]
[Result "1/2-1/2"]
[WhiteElo "2103"]
[BlackElo "2245"]
[PlyCount "178"]
[EventDate "2021.10.17"]
[EventType "swiss"]
[EventRounds "9"]
[EventCountry "USA"]
[Source "ChessMix"]
[SourceDate "2021.11.01"]

1. Nf3 d5 2. e3 Nf6 3. c4 c6 4. Nc3 g6 5. d4 Bg7 6. Bd3 O-O 7. O-O Bg4 8. h3
Bxf3 9. Qxf3 e6 10. Rd1 Nbd7 11. b3 Re8 12. cxd5 exd5 13. Bb2 Qe7 14. Qf4 Nb6
15. a4 a5 16. Ba3 Qe6 17. Ne2 Bf8 18. Bxf8 Rxf8 19. Qc7 Nfd7 20. Rac1 Rfc8 21.
Qg3 Re8 22. Rf1 Nc8 23. Nf4 Qe7 24. Rce1 Nd6 25. f3 Nf6 26. h4 Rad8 27. h5 Qf8
28. Qg5 Qg7 29. h6 Qh8 30. Kh1 Nd7 31. Nh5 f6 32. Qf4 Nf7 33. Ng7 Re7 34. e4
Nxh6 35. Qxh6 Qxg7 36. Qd2 b6 37. exd5 cxd5 38. Bb5 Rde8 39. Rc1 Rd8 40. Rc6 f5
41. Rd6 Qf8 42. Qg5 Kg7 43. Rxd5 Nf6 44. Rxd8 Qxd8 45. Qd2 Qd6 46. Rc1 h6 47.
Bc4 Qg3 48. d5 Qd6 49. Re1 Rxe1+ 50. Qxe1 Kf7 51. Qh4 h5 52. Qd4 g5 53. Qd3 Kg6
54. Kg1 h4 55. Qe3 Qg3 56. Qf2 Qxf2+ 57. Kxf2 Ne8 58. Ke3 Nd6 59. Be2 Kf6 60.
Kd4 Nc8 61. Bd1 Nd6 62. Be2 f4 63. Bd3 Nb7 64. Bb5 Nc5 65. d6 Ke6 66. d7 Ke7
67. Ke5 Nxb3 68. Bc6 Nc5 69. Kf5 Ne6 70. Bd5 Nc5 71. Bc6 Ne6 72. Ke5 Nc5 73.
d8=Q+ Kxd8 74. Kf5 Nd3 75. Kxg5 Ne1 76. Kxf4 Nxg2+ 77. Kg4 Ke7 78. f4 h3 79.
Kg3 Ne1 80. Be4 Ng2 81. Bxg2 hxg2 82. Kxg2 b5 83. axb5 a4 84. b6 Kd7 85. f5 a3
86. f6 a2 87. f7 Ke7 88. b7 Kxf7 89. b8=Q a1=Q 1/2-1/2

[Event "SPICE Cup op"]
[Site "Clayton USA"]
[Date "2021.10.22"]
[Round "9.9"]
[White "Atanasov, Anthony"]
[Black "Chen, Jonathan"]
[Result "1/2-1/2"]
[WhiteElo "2245"]
[BlackElo "2302"]
[PlyCount "142"]
[EventDate "2021.10.17"]
[EventType "swiss"]
[EventRounds "9"]
[EventCountry "USA"]
[Source "ChessMix"]
[SourceDate "2021.11.01"]

1. d4 Nf6 2. Nf3 d5 3. e3 Bf5 4. Bd3 Bxd3 5. Qxd3 Nbd7 6. Nbd2 e6 7. e4 dxe4 8.
Nxe4 Nxe4 9. Qxe4 c6 10. O-O Nf6 11. Qe2 Bd6 12. c4 h6 13. Bd2 O-O 14. Rad1 Rb8
15. Bc3 b5 16. b3 Qe7 17. Ne5 Rfc8 18. Rd3 Nd7 19. Qg4 Nxe5 20. dxe5 Bb4 21.
Rg3 g6 22. Bb2 Ba3 23. Bxa3 Qxa3 24. h4 Qc5 25. Qf4 h5 26. Qg5 bxc4 27. bxc4
Qxc4 28. Rd1 Qe2 29. Rd2 Qe4 30. Rf3 Rf8 31. a3 Rb1+ 32. Kh2 Rb5 33. Re3 Qc4
34. Rd8 Rd5 35. Rxf8+ Kxf8 36. Qf6 Qd4 37. Qh8+ Ke7 38. g3 Rd8 39. Qf6+ Ke8 40.
Rf3 Qd7 41. Qh8+ Ke7 42. Qg7 Rf8 43. Qf6+ Ke8 44. Rb3 Qc7 45. Rd3 Qe7 46. Kg2
Rg8 47. Qf3 Kf8 48. Qxc6 Kg7 49. Rd7 Qe8 50. Qb7 Rf8 51. a4 a5 52. f4 Kg8 53.
Kf2 Qc8 54. Qxc8 Rxc8 55. Ra7 Rc2+ 56. Ke3 Rc3+ 57. Kf2 Rc2+ 58. Kf3 Rc3+ 59.
Kg2 Rc2+ 60. Kh3 Rc5 61. Kg2 Rc2+ 62. Kf1 Rc3 63. Kf2 Rc2+ 64. Kg1 Rc1+ 65. Kh2
Rc2+ 66. Kh3 Rc5 67. Ra6 Kg7 68. Ra8 Rd5 69. Kg2 Rc5 70. Ra7 Kg8 71. Kf2 Rc2+
1/2-1/2

[Event "Titled Tuesday 2021.10.05"]
[Site "chess.com INT"]
[Date "2021.10.05"]
[Round "1"]
[White "Maranhao, Jose Renato Ruiz"]
[Black "Atanasov, Anthony"]
[Result "0-1"]
[WhiteElo "1923"]
[BlackElo "2245"]
[PlyCount "86"]
[EventDate "2021.10.05"]
[EventType "swiss (blitz)"]
[EventRounds "11"]
[EventCountry "NET"]
[Source "Mark Crowther"]
[SourceDate "2021.10.11"]

1. e4 c5 2. Nf3 d6 3. d4 cxd4 4. Nxd4 Nf6 5. Nc3 a6 6. Rg1 h5 7. Bg5 Nc6 8.
Nxc6 bxc6 9. Be2 Qa5 10. Qd2 Rb8 11. b3 Be6 12. f3 h4 13. O-O-O Nd7 14. Na4 Qe5
15. Qd4 Qxg5+ 16. Kb1 Qe5 17. Qa7 g6 18. f4 Qa5 19. e5 Qxa4 20. Qxb8+ Nxb8 21.
bxa4 dxe5 22. fxe5 Bg7 23. Rd4 Bxe5 24. Rb4 Bxh2 25. Rh1 Bd6 26. Rb6 g5 27.
Bxa6 Nxa6 28. Rxa6 O-O 29. Rxc6 Rb8+ 30. Kc1 Bf4+ 31. Kd1 Bg4+ 32. Ke1 Rb1+ 33.
Kf2 Rxh1 34. a5 Bg3+ 35. Ke3 Re1+ 36. Kd2 Rd1+ 37. Kc3 Rd8 38. a6 Ra8 39. a4
Be2 40. Kb4 Rxa6 41. Rc8+ Kg7 42. c4 g4 43. Kb5 h3 0-1

[Event "Titled Tuesday 2021.10.05"]
[Site "chess.com INT"]
[Date "2021.10.05"]
[Round "3"]
[White "Atanasov, Anthony"]
[Black "Cagara, Paulina"]
[Result "1-0"]
[WhiteElo "2245"]
[BlackElo "2045"]
[PlyCount "29"]
[EventDate "2021.10.05"]
[EventType "swiss (blitz)"]
[EventRounds "11"]
[EventCountry "NET"]
[Source "Mark Crowther"]
[SourceDate "2021.10.11"]

1. d4 f5 2. c4 Nf6 3. Nc3 g6 4. h4 h6 5. Qc2 d6 6. Nf3 Bg7 7. h5 g5 8. e4 fxe4
9. Nxe4 O-O 10. Nexg5 e5 11. dxe5 dxe5 12. c5 e4 13. Bc4+ Kh8 14. Ne5 Qd4 15.
Ng6# 1-0

[Event "Titled Tuesday 2021.09.28"]
[Site "chess.com INT"]
[Date "2021.09.28"]
[Round "2"]
[White "Atanasov, Anthony"]
[Black "Orzechowski, J."]
[Result "1-0"]
[WhiteElo "2245"]
[BlackElo "2125"]
[PlyCount "105"]
[EventDate "2021.09.28"]
[EventType "swiss (blitz)"]
[EventRounds "11"]
[EventCountry "NET"]
[Source "Mark Crowther"]
[SourceDate "2021.10.04"]

1. d4 Nf6 2. Bf4 c5 3. e3 cxd4 4. exd4 d5 5. Nf3 Nc6 6. Nbd2 Bg4 7. c3 e6 8.
Qb3 Qc8 9. Bd3 Be7 10. h3 Bh5 11. O-O Bg6 12. Bxg6 hxg6 13. Rfe1 Qd7 14. Re2
Na5 15. Qd1 b5 16. Ne5 Qb7 17. Ndf3 Ne4 18. Nxf7 Kxf7 19. Ne5+ Ke8 20. Rxe4
dxe4 21. Qg4 Bf6 22. Nxg6 Kf7 23. Be5 Rh6 24. Nf4 Qd7 25. Re1 Bxe5 26. dxe5 Rd8
27. Nh5 Rg6 28. Qxe4 Qd3 29. Qh4 Rh8 30. g4 Nc4 31. b3 Nd2 32. Kh1 Qf3+ 33. Kg1
Ne4 34. Re3 Qd1+ 35. Kg2 Ng5 36. Qg3 Qd5+ 37. Kh2 Rd8 38. Nf4 Rh6 39. Nxd5 Rxd5
40. Qf4+ Kg6 41. c4 bxc4 42. bxc4 Rd1 43. Kg2 Rc1 44. c5 Rh8 45. Qd4 Rb8 46.
Qd3+ Kf7 47. h4 Nh7 48. Qxh7 Rbb1 49. Rf3+ Ke8 50. Qg8+ Kd7 51. Qxg7+ Kc6 52.
Rg3 Rg1+ 53. Kf3 1-0

[Event "Titled Tuesday 2021.09.28"]
[Site "chess.com INT"]
[Date "2021.09.28"]
[Round "4"]
[White "Atanasov, Anthony"]
[Black "Shapiro, Dan"]
[Result "1-0"]
[WhiteElo "2245"]
[BlackElo "2284"]
[PlyCount "127"]
[EventDate "2021.09.28"]
[EventType "swiss (blitz)"]
[EventRounds "11"]
[EventCountry "NET"]
[Source "Mark Crowther"]
[SourceDate "2021.10.04"]

1. d4 Nf6 2. Bf4 b6 3. e3 Bb7 4. Nf3 e6 5. Nbd2 d6 6. Bd3 Nbd7 7. h4 Qe7 8. a4
e5 9. dxe5 dxe5 10. Bg5 e4 11. Nxe4 Bxe4 12. Nd4 Qb4+ 13. c3 Qxb2 14. Nb5 Rc8
15. Bc4 Bd6 16. Ra2 Qb1 17. Nxa7 Qxd1+ 18. Kxd1 Ra8 19. Nb5 Bxg2 20. Rg1 Bf3+
21. Kc1 Ne4 22. Bd5 Rb8 23. Nxd6+ cxd6 24. Bf4 Nxc3 25. Bxf3 Nxa2+ 26. Kb2 Nb4
27. Bxd6 Nc5 28. Bxb8 O-O 29. Kc3 Nbd3 30. Ba7 Nxf2 31. Kb4 Re8 32. Bxb6 Ncd3+
33. Kb5 Ne4 34. Bxe4 Rxe4 35. a5 Rb4+ 36. Kc6 Ne5+ 37. Kc7 Ra4 38. Bd4 Ng6 39.
h5 Rxa5 40. hxg6 hxg6 41. Kd6 Ra6+ 42. Ke5 f6+ 43. Ke4 Kf7 44. Rb1 g5 45. Kf5
Ra5+ 46. Kg4 Kg6 47. e4 Ra4 48. Rd1 Rb4 49. Rd2 Rc4 50. Rd3 Rb4 51. Rd2 Rc4 52.
Kf3 Rb4 53. Be3 Rb3 54. Rd6 g4+ 55. Kf4 g3 56. Rd2 Rb4 57. Rg2 f5 58. Rxg3+ Kf6
59. Kf3 Rxe4 60. Rg2 g6 61. Rc2 Re6 62. Rc5 Ra6 63. Bd4+ Kg5 64. Be3+ 1-0

[Event "Speed Chess GP2"]
[Site "chess.com INT"]
[Date "2021.09.25"]
[Round "2"]
[White "Sreyas, Payyappat"]
[Black "Atanasov, Anthony"]
[Result "1-0"]
[WhiteElo "2244"]
[BlackElo "2245"]
[PlyCount "45"]
[EventDate "2021.09.25"]
[EventType "swiss (blitz)"]
[EventRounds "10"]
[EventCountry "NET"]
[Source "Mark Crowther"]
[SourceDate "2021.09.27"]

1. e4 c5 2. Nf3 d6 3. d4 cxd4 4. Nxd4 Nf6 5. Nc3 a6 6. h4 Nc6 7. h5 e5 8. Nb3
Be6 9. f3 Be7 10. Be3 d5 11. exd5 Nxd5 12. Nxd5 Bxd5 13. Qd2 Rc8 14. O-O-O Nb4
15. Bd3 Bxb3 16. axb3 Qa5 17. c3 Qa2 18. Bb1 Rd8 19. Bxa2 Rxd2 20. Rxd2 Nxa2+
21. Kb1 Nb4 22. cxb4 O-O 23. Bc5 1-0

[Event "Titled Tuesday 2021.09.14"]
[Site "chess.com INT"]
[Date "2021.09.14"]
[Round "1"]
[White "Vakhlamov, I."]
[Black "Atanasov, Anthony"]
[Result "0-1"]
[WhiteElo "2413"]
[BlackElo "2245"]
[PlyCount "140"]
[EventDate "2021.09.14"]
[EventType "swiss (blitz)"]
[EventRounds "11"]
[EventCountry "NET"]
[Source "Mark Crowther"]
[SourceDate "2021.09.20"]

1. e4 c5 2. Nf3 d6 3. Nc3 Nf6 4. d4 cxd4 5. Qxd4 a6 6. Bc4 Nc6 7. Qd3 Bg4 8.
O-O Bxf3 9. Qxf3 Ne5 10. Qe2 Nxc4 11. Qxc4 Rc8 12. Qd3 g6 13. Bg5 Bg7 14. Rad1
O-O 15. b3 Qa5 16. Bxf6 Bxf6 17. Nd5 Qxa2 18. c4 b5 19. cxb5 axb5 20. Qxb5 Rb8
21. Qa4 Qxb3 22. Nxf6+ exf6 23. Qd4 Qe6 24. Qxd6 Qxe4 25. Qxf6 Rb5 26. Rfe1 Qf5
27. Qd4 Rbb8 28. h3 h5 29. Re7 Rbe8 30. Rd7 Qe5 31. Qc4 Qe2 32. Qf4 Qe5 33. Qf3
Qe4 34. Qf6 Qe5 35. Qf3 Re6 36. R1d5 Qb8 37. g3 Qb1+ 38. Kg2 Qe4 39. h4 Qxf3+
40. Kxf3 Kg7 41. Rd4 Rfe8 42. Rf4 R8e7 43. Rd5 Rf6 44. Ra5 Rxf4+ 45. Kxf4 Re2
46. f3 Rg2 47. Ra4 Re2 48. Re4 Rb2 49. Rd4 Rb5 50. g4 Ra5 51. Re4 Rb5 52. Rd4
Rc5 53. Ra4 Kf6 54. Ra6+ Kg7 55. Ra4 hxg4 56. fxg4 Rc1 57. Ra6 Rf1+ 58. Kg5 f6+
59. Rxf6 Rxf6 60. h5 gxh5 61. gxh5 Rf1 62. Kg4 Kh6 63. Kh4 Rg1 64. Kh3 Kxh5 65.
Kh2 Rg4 66. Kh3 Kg5 67. Kh2 Kh4 68. Kh1 Kg3 69. Kg1 Rf4 70. Kh1 Rf1# 0-1

[Event "Titled Tuesday 2021.09.14"]
[Site "chess.com INT"]
[Date "2021.09.14"]
[Round "2"]
[White "Petrovskyi, Vadym"]
[Black "Atanasov, Anthony"]
[Result "1-0"]
[WhiteElo "2153"]
[BlackElo "2245"]
[PlyCount "131"]
[EventDate "2021.09.14"]
[EventType "swiss (blitz)"]
[EventRounds "11"]
[EventCountry "NET"]
[Source "Mark Crowther"]
[SourceDate "2021.09.20"]

1. e4 c5 2. Nf3 d6 3. d4 cxd4 4. Nxd4 Nf6 5. Nc3 a6 6. Bg5 Nbd7 7. f4 Qc7 8.
Qf3 h6 9. Bh4 g5 10. fxg5 hxg5 11. Bxg5 Qc5 12. Be3 Ne5 13. Qe2 Neg4 14. Bg1
Bh6 15. Rd1 Qb4 16. Nb3 Be6 17. a3 Qc4 18. Qxc4 Bxc4 19. Bxc4 Be3 20. Ke2 Bxg1
21. Rdxg1 Rc8 22. Bd3 b5 23. h3 Nh5 24. g3 Ne5 25. Ke3 e6 26. Nd4 Ke7 27. g4
Nf6 28. Be2 Nfd7 29. h4 Nb6 30. Kd2 Rc5 31. b3 Rhc8 32. Rh3 Nbd7 33. h5 Nf6 34.
g5 Nh7 35. Nd1 Rg8 36. Rhg3 Nxg5 37. Rxg5 Rxg5 38. Rxg5 Nc4+ 39. bxc4 Rxg5 40.
cxb5 axb5 41. Nxb5 f5 42. h6 Rg6 43. exf5 exf5 44. Nd4 Kf6 45. h7 Rh6 46. a4
Rxh7 47. Nxf5 Ra7 48. Nfe3 Rxa4 49. Nc3 Ra6 50. Bxa6 Ke5 51. Kd3 d5 52. Ncxd5
Kd6 53. Kd4 Kc6 54. Bd3 Kd6 55. c4 Ke6 56. c5 Kd7 57. Nc4 Kc6 58. Be4 Kb7 59.
Ne5 Ka7 60. c6 Kb8 61. Kc5 Kc8 62. Kb6 Kd8 63. Bg6 Kc8 64. Bf5+ Kd8 65. c7+ Ke8
66. c8=Q# 1-0

[Event "Titled Tuesday 2021.09.14"]
[Site "chess.com INT"]
[Date "2021.09.14"]
[Round "3"]
[White "Atanasov, Anthony"]
[Black "Florescu, Codrut"]
[Result "0-1"]
[WhiteElo "2245"]
[BlackElo "2293"]
[PlyCount "133"]
[EventDate "2021.09.14"]
[EventType "swiss (blitz)"]
[EventRounds "11"]
[EventCountry "NET"]
[Source "Mark Crowther"]
[SourceDate "2021.09.20"]

1. d4 Nf6 2. Bf4 d5 3. e3 e6 4. Nf3 c5 5. Nbd2 Nc6 6. c3 Be7 7. Bd3 Nh5 8. Be5
f6 9. Ng5 g6 10. Nxh7 Kf7 11. Qg4 Qg8 12. Ng5+ fxg5 13. Bxh8 Qxh8 14. O-O-O e5
15. Qf3+ Qf6 16. Qxd5+ Be6 17. Qe4 cxd4 18. exd4 Nf4 19. Bc4 exd4 20. g3 Bxc4
21. Nxc4 Qe6 22. Qxe6+ Nxe6 23. Rhe1 Rd8 24. cxd4 Nexd4 25. Kb1 Bf6 26. Rd3 b5
27. Ne3 Ne5 28. Rc1 Nxd3 29. Rc7+ Ke6 30. Rxa7 Nxf2 31. Ra6+ Rd6 32. Rxd6+ Kxd6
33. b3 Ne4 34. a4 Nxb3 35. axb5 Kc5 36. Kc2 Nd4+ 37. Kd3 Nd6 38. b6 N4f5 39.
Ng4 Bg7 40. Nf2 Kxb6 41. Nh3 g4 42. Nf4 Ne7 43. Ne6 Bf6 44. Ke3 Kc6 45. Nf8 Be5
46. Nh7 Nef5+ 47. Ke2 Kd5 48. Ng5 Ne4 49. Nh7 Bd4 50. Nf8 Ne7 51. Kf1 Ng5 52.
Kg2 Kd6 53. h4 gxh3+ 54. Kh1 Bg7 55. Nxg6 Nxg6 56. g4 Ke5 57. Kh2 Kf4 58. Kg1
Kg3 59. Kh1 Ne4 60. Kg1 Bd4+ 61. Kh1 Nf2+ 62. Kg1 Nxg4+ 63. Kh1 Nf2+ 64. Kg1
Ne7 65. Kf1 h2 66. Ke2 h1=Q 67. Kd2 0-1

[Event "Titled Tuesday 2021.08.24"]
[Site "chess.com INT"]
[Date "2021.08.24"]
[Round "1"]
[White "Bogumil, Tatiana"]
[Black "Atanasov, Anthony"]
[Result "1-0"]
[WhiteElo "2182"]
[BlackElo "2196"]
[PlyCount "99"]
[EventDate "2021.08.24"]
[EventType "swiss (blitz)"]
[EventRounds "11"]
[EventCountry "NET"]
[Source "Mark Crowther"]
[SourceDate "2021.08.30"]

1. Nf3 d5 2. c4 Nf6 3. b3 g6 4. Bb2 Bg7 5. g3 O-O 6. Bg2 c5 7. O-O d4 8. b4
cxb4 9. Bxd4 Nc6 10. Bb2 Bg4 11. d3 Qd7 12. Re1 a5 13. Nbd2 Bh3 14. Bh1 a4 15.
Ne5 Nxe5 16. Bxe5 Qf5 17. d4 Rad8 18. e4 Qg4 19. Qxa4 Nh5 20. Bxg7 Kxg7 21. Nf3
Nf4 22. Qxb4 Nd3 23. Qc3 Nxe1 24. Rxe1 f6 25. c5 Rd7 26. d5 Rc8 27. Qe3 Rdc7
28. Rc1 Qd7 29. Bg2 Bxg2 30. Kxg2 e5 31. Nd2 Qb5 32. Nb3 b6 33. c6 Rd8 34. h4
h6 35. h5 g5 36. Qf3 Qb4 37. Qf5 Rf8 38. Qg6+ Kh8 39. Qxh6+ Kg8 40. Qg6+ Rg7
41. Qf5 g4 42. Qe6+ Kh7 43. c7 Qxe4+ 44. Kg1 Rgg8 45. d6 Rc8 46. Qc4 Qxc4 47.
Rxc4 Rg7 48. Rc6 b5 49. Nc5 b4 50. d7 1-0

[Event "Titled Tuesday 2021.08.10"]
[Site "chess.com INT"]
[Date "2021.08.10"]
[Round "1"]
[White "Atanasov, Anthony"]
[Black "Duncan, Christopher"]
[Result "1-0"]
[WhiteElo "2196"]
[BlackElo "2225"]
[PlyCount "157"]
[EventDate "2021.08.10"]
[EventType "swiss (blitz)"]
[EventRounds "11"]
[EventCountry "NET"]
[Source "Mark Crowther"]
[SourceDate "2021.08.16"]

1. d4 d5 2. Bf4 c5 3. e3 cxd4 4. exd4 Nc6 5. Nf3 Bg4 6. c3 e6 7. Qb3 Bd6 8. Ne5
Bxe5 9. Bxe5 Nxe5 10. dxe5 Ne7 11. Qa4+ Nc6 12. Qxg4 O-O 13. Bd3 Qb6 14. b4
Nxe5 15. Bxh7+ Kxh7 16. Qh5+ Kg8 17. Qxe5 a5 18. O-O axb4 19. cxb4 Qxb4 20. Nc3
Rfc8 21. Ne2 Rc2 22. Nf4 Raxa2 23. Rxa2 Rxa2 24. Nh5 Qb2 25. Qb8+ Kh7 26. Qf8
Kg6 27. Nf4+ Kf6 28. Qd8+ Kf5 29. Nh5 Kg6 30. Qh4 Qe5 31. Nf4+ Kf5 32. g3 g5
33. Qh7+ Kf6 34. Qh8+ Kf5 35. Qh3+ Kf6 36. Nd3 Qf5 37. Qh8+ Ke7 38. Ne5 Re2 39.
f4 Qe4 40. Qh3 Qe3+ 41. Kh1 Qe4+ 42. Nf3 Re3 43. Qg4 gxf4 44. gxf4 b5 45. Qg5+
Kd6 46. Qd8+ Kc5 47. Rc1+ Kb4 48. Qd6+ Kb3 49. Rf1 Rxf3 50. Rxf3+ Qxf3+ 51. Kg1
Qd1+ 52. Kg2 Qd2+ 53. Kg3 Qd3+ 54. Kg2 Qg6+ 55. Kf2 Qe4 56. Qb8 b4 57. h4 Qxf4+
58. Qxf4 Kc2 59. Qxf7 b3 60. Qxe6 b2 61. Qf5+ Kc1 62. Qf4+ Kc2 63. Qb4 b1=Q 64.
Qxb1+ Kxb1 65. Ke3 Kc2 66. Kd4 Kd2 67. h5 Ke2 68. h6 Kf3 69. h7 Kg4 70. h8=Q
Kf5 71. Qe5+ Kg6 72. Kxd5 Kf7 73. Ke4 Kg6 74. Kf4 Kh6 75. Kf5 Kh7 76. Qf6 Kg8
77. Qe7 Kh8 78. Kg6 Kg8 79. Qe8# 1-0

[Event "Titled Tuesday 2021.08.10"]
[Site "chess.com INT"]
[Date "2021.08.10"]
[Round "2"]
[White "Atanasov, Anthony"]
[Black "Nagy, Ga1"]
[Result "0-1"]
[WhiteElo "2196"]
[BlackElo "2518"]
[PlyCount "96"]
[EventDate "2021.08.10"]
[EventType "swiss (blitz)"]
[EventRounds "11"]
[EventCountry "NET"]
[Source "Mark Crowther"]
[SourceDate "2021.08.16"]

1. d4 Nf6 2. Nf3 b6 3. Bf4 Bb7 4. e3 g6 5. Be2 Bg7 6. c4 O-O 7. Nc3 d6 8. Qc2
Nbd7 9. e4 Nh5 10. Be3 e5 11. d5 Nf4 12. Bf1 f5 13. g3 fxe4 14. Nxe4 Nxd5 15.
cxd5 Rxf3 16. Bg2 Rf5 17. Bh3 Bxd5 18. Bxf5 gxf5 19. Ng5 Qf6 20. f3 c6 21. O-O
Nc5 22. b4 Ne6 23. Nxe6 Qxe6 24. Rad1 b5 25. f4 e4 26. Rd2 a5 27. bxa5 Rxa5 28.
Rfd1 Rxa2 29. Qb1 Rxd2 30. Rxd2 Bc3 31. Rc2 Bf6 32. Qc1 c5 33. Rd2 Be7 34. Qa3
b4 35. Qa4 Kf7 36. Qb5 Bc4 37. Qb6 Bd3 38. Kf2 h5 39. h4 b3 40. Qb7 c4 41. Qb4
d5 42. Qc3 Bf6 43. Bd4 e3+ 44. Kg1 exd2 45. Qxd2 Bxd4+ 46. Kh2 b2 47. g4 b1=Q
48. gxf5 Qxf5 0-1

[Event "Titled Tuesday 2021.08.10"]
[Site "chess.com INT"]
[Date "2021.08.10"]
[Round "3"]
[White "Nilsen, Tobias Lang"]
[Black "Atanasov, Anthony"]
[Result "1-0"]
[WhiteElo "2169"]
[BlackElo "2196"]
[PlyCount "105"]
[EventDate "2021.08.10"]
[EventType "swiss (blitz)"]
[EventRounds "11"]
[EventCountry "NET"]
[Source "Mark Crowther"]
[SourceDate "2021.08.16"]

1. e4 c5 2. Nf3 d6 3. d4 cxd4 4. Qxd4 Nf6 5. Nc3 a6 6. Bg5 Nc6 7. Qd3 Nd7 8.
O-O-O h6 9. Be3 g5 10. Nd4 Bg7 11. f3 Qa5 12. Kb1 Nde5 13. Qd2 b5 14. Nd5 Qd8
15. h4 Rb8 16. hxg5 hxg5 17. Rxh8+ Bxh8 18. Nxc6 Nxc6 19. Bxg5 Be6 20. Be2 Qd7
21. Rh1 Bg7 22. Rh7 Bf8 23. Rh8 Ne5 24. Bxe7 Bxd5 25. Bxf8 Ng6 26. Bxd6+ Nxh8
27. Bxb8 Bxa2+ 28. Kc1 Qxd2+ 29. Kxd2 Ng6 30. b3 Kd7 31. Kc1 Bxb3 32. cxb3 Ke6
33. Kd2 a5 34. Bxb5 Kf6 35. Ke3 Nh4 36. Kf2 Kg6 37. g3 Nxf3 38. Kxf3 f5 39.
exf5+ Kf6 40. Ba4 Kg5 41. Bc7 Kf6 42. Bxa5 Kg5 43. Bd2+ Kf6 44. b4 Ke5 45. f6
Kd4 46. f7 Kd3 47. Bc2+ Kxd2 48. f8=Q Kc1 49. Bh7 Kb2 50. b5 Kc3 51. Qc5+ Kb3
52. Qc2+ Kb4 53. b6 1-0

[Event "Titled Tuesday 2021.08.10"]
[Site "chess.com INT"]
[Date "2021.08.10"]
[Round "4"]
[White "Sargissyan, S."]
[Black "Atanasov, Anthony"]
[Result "1-0"]
[WhiteElo "2269"]
[BlackElo "2196"]
[PlyCount "133"]
[EventDate "2021.08.10"]
[EventType "swiss (blitz)"]
[EventRounds "11"]
[EventCountry "NET"]
[Source "Mark Crowther"]
[SourceDate "2021.08.16"]

1. d4 e5 2. dxe5 Nc6 3. Nf3 Qe7 4. Nc3 Nxe5 5. Bf4 Nxf3+ 6. gxf3 d6 7. e4 Nf6
8. Qd2 Be6 9. O-O-O O-O-O 10. Qd4 c5 11. Qa4 a6 12. h4 h6 13. Be2 Qd7 14. Qa5
Ne8 15. Nd5 Qc6 16. Rd2 Nc7 17. Nb6+ Kb8 18. Rhd1 Be7 19. Bc4 g5 20. hxg5 hxg5
21. Bg3 Ka7 22. Bxe6 fxe6 23. Nc4 Ne8 24. Qc3 Rf8 25. a3 d5 26. Ne5 Qb5 27.
exd5 exd5 28. Rxd5 Rxd5 29. Rxd5 Nf6 30. Rd1 Qe2 31. Qd3 Qxd3 32. Rxd3 Re8 33.
Ng6 Bd8 34. b3 Bb6 35. Kb2 Re2 36. a4 Ba5 37. Rd6 Ne8 38. Rd5 Bd2 39. Rxc5 Kb6
40. Rd5 Kc6 41. Re5 Rxe5 42. Nxe5+ Kd5 43. Nd3 Nf6 44. c3 Nh5 45. Kc2 Bf4 46.
Nxf4+ gxf4 47. Bh4 Ng7 48. Kd3 Ne6 49. c4+ Ke5 50. Bd8 Nc5+ 51. Kc3 Ne6 52. Be7
Kf5 53. b4 Ke5 54. b5 axb5 55. axb5 Nc7 56. Kb4 Ke6 57. Bc5 Ne8 58. Bd4 Kd7 59.
c5 Nc7 60. Kc4 Ke6 61. Bh8 Nd5 62. b6 Ne7 63. Bg7 Nf5 64. Bd4 Ne7 65. Bc3 Nc6
66. Bd2 Kf5 67. Kd5 1-0

[Event "Titled Tuesday 2021.08.10"]
[Site "chess.com INT"]
[Date "2021.08.10"]
[Round "5"]
[White "Atanasov, Anthony"]
[Black "Zemerov, Vladimir"]
[Result "1-0"]
[WhiteElo "2196"]
[BlackElo "2268"]
[PlyCount "71"]
[EventDate "2021.08.10"]
[EventType "swiss (blitz)"]
[EventRounds "11"]
[EventCountry "NET"]
[Source "Mark Crowther"]
[SourceDate "2021.08.16"]

1. d4 e6 2. Bf4 Nf6 3. e3 b6 4. Nf3 Bb7 5. Nbd2 Nh5 6. Bg5 Be7 7. Bxe7 Qxe7 8.
Bd3 f5 9. e4 fxe4 10. Nxe4 Nf6 11. Qe2 Nc6 12. c3 Nxe4 13. Bxe4 O-O 14. h4 h6
15. O-O-O Na5 16. Ng5 hxg5 17. Bh7+ Kxh7 18. hxg5+ Kg8 19. Rh8+ Kxh8 20. Qh5+
Kg8 21. g6 Qg5+ 22. Qxg5 Rf6 23. Rh1 Be4 24. Rh8+ Kxh8 25. Qh5+ Kg8 26. Qh7+
Kf8 27. Qh8+ Ke7 28. Qxg7+ Kd6 29. Qxf6 Bxg2 30. g7 Nc6 31. Qf8+ Rxf8 32.
gxf8=Q+ Kd5 33. f3 Bf1 34. b3 b5 35. Kd2 a5 36. Qc5# 1-0

[Event "Titled Tuesday 2021.08.10"]
[Site "chess.com INT"]
[Date "2021.08.10"]
[Round "6"]
[White "Matveeva, O."]
[Black "Atanasov, Anthony"]
[Result "0-1"]
[WhiteElo "2145"]
[BlackElo "2196"]
[PlyCount "62"]
[EventDate "2021.08.10"]
[EventType "swiss (blitz)"]
[EventRounds "11"]
[EventCountry "NET"]
[Source "Mark Crowther"]
[SourceDate "2021.08.16"]

1. d4 e5 2. dxe5 Nc6 3. Nf3 Qe7 4. e3 Nxe5 5. Be2 Nf6 6. O-O d6 7. Nbd2 g6 8.
b3 Bg7 9. Bb2 O-O 10. Nxe5 dxe5 11. c4 c6 12. Qc2 Bf5 13. e4 Be6 14. Rad1 Rad8
15. c5 Rd7 16. b4 Rfd8 17. a3 a5 18. Bxe5 axb4 19. Bd6 b3 20. Nxb3 Bxb3 21.
Qxb3 Qxe4 22. Bf3 Qh4 23. h3 h5 24. Rfe1 Qg5 25. a4 Ne8 26. Bg3 Rxd1 27. Rxd1
Rxd1+ 28. Qxd1 Qxc5 29. Qd8 Kf8 30. Kh2 Be5 31. Be4 h4 0-1

[Event "Titled Tuesday 2021.08.10"]
[Site "chess.com INT"]
[Date "2021.08.10"]
[Round "7"]
[White "Atanasov, Anthony"]
[Black "Navalgund, N."]
[Result "1/2-1/2"]
[WhiteElo "2196"]
[BlackElo "2289"]
[PlyCount "140"]
[EventDate "2021.08.10"]
[EventType "swiss (blitz)"]
[EventRounds "11"]
[EventCountry "NET"]
[Source "Mark Crowther"]
[SourceDate "2021.08.16"]

1. d4 Nf6 2. Nf3 g6 3. Bf4 Bg7 4. e3 O-O 5. Be2 c5 6. c3 b6 7. Nbd2 Bb7 8. O-O
d6 9. a4 a6 10. h3 Ne4 11. Qc2 Nxd2 12. Nxd2 Nd7 13. Rfe1 Ra7 14. Rad1 Qa8 15.
Bf3 Bxf3 16. Nxf3 b5 17. d5 Nb6 18. axb5 Nxd5 19. bxa6 Rxa6 20. Bg3 Rb8 21. Qe4
e6 22. c4 Nb4 23. Qxa8 Rbxa8 24. Bxd6 Bxb2 25. Bxc5 Nc6 26. Nd4 Rc8 27. Nxc6
Raxc6 28. Bd4 Bxd4 29. Rxd4 Rxc4 30. Rd7 Rc1 31. Rxc1 Rxc1+ 32. Kh2 Kg7 33. Kg3
h5 34. Ra7 g5 35. Ra5 Kg6 36. Kf3 Rg1 37. g3 f5 38. Ra6 g4+ 39. hxg4 hxg4+ 40.
Kf4 Kf6 41. e4 Rf1 42. e5+ Kf7 43. Kg5 Rxf2 44. Ra7+ Ke8 45. Kf6 f4 46. Kxe6
Kd8 47. Rg7 fxg3 48. Rxg4 g2 49. Rg8+ Kc7 50. Ke7 Kc6 51. e6 Kc7 52. Rg3 Kc6
53. Ke8 Kd6 54. e7 Ra2 55. Rg6+ Kc7 56. Rg5 Rf2 57. Rg3 Ra2 58. Rc3+ Kd6 59.
Rd3+ Kc7 60. Rg3 Rf2 61. Rg4 Ra2 62. Kf7 Rf2+ 63. Ke6 Re2+ 64. Kf6 Rf2+ 65. Ke6
Re2+ 66. Kf7 Rf2+ 67. Kg8 Re2 68. Kf8 Rf2+ 69. Kg7 Re2 70. Kf7 Rf2+ 1/2-1/2

[Event "Titled Tuesday 2021.08.03"]
[Site "chess.com INT"]
[Date "2021.08.03"]
[Round "1"]
[White "Atanasov, Anthony"]
[Black "Benyahia, Safin"]
[Result "1-0"]
[WhiteElo "2196"]
[BlackElo "1536"]
[PlyCount "73"]
[EventDate "2021.08.03"]
[EventType "swiss (blitz)"]
[EventRounds "11"]
[EventCountry "NET"]
[Source "Mark Crowther"]
[SourceDate "2021.08.10"]

1. d4 Nf6 2. Nf3 e6 3. Bf4 d5 4. e3 Bd6 5. Nbd2 O-O 6. c3 b6 7. Ne5 Bb7 8. Qf3
c5 9. Bd3 Nc6 10. h4 cxd4 11. exd4 Bxe5 12. dxe5 Nd7 13. Bxh7+ Kxh7 14. Qh5+
Kg8 15. Nf3 Nf6 16. exf6 Qxf6 17. Ng5 Qg6 18. Qxg6 fxg6 19. Bg3 e5 20. O-O-O d4
21. f3 Rfe8 22. Rhe1 Ba6 23. Re4 d3 24. Rde1 Rad8 25. Kd2 Na5 26. b3 Nc6 27.
Bf4 Rd5 28. c4 Rc5 29. Kxd3 Nb4+ 30. Kc3 Nxa2+ 31. Kb2 Nb4 32. R1e3 Rd8 33.
Bxe5 Nd3+ 34. Kc3 Nxe5 35. Rxe5 Rc7 36. Re8+ Rxe8 37. Rxe8# 1-0